Planificación financiera

Saved in:
Bibliographic Details
Main Author: Amat i Salas, Joan M (Author)
Format: Book
Language:Spanish
Published: Barcelona Gestión 2000 1992
Edition:2a. ed
Series:EADA gestion
Subjects:
Tags: Add Tag
No Tags, Be the first to tag this record!

MARC

LEADER 00000nam a2200000 a 4500
001 UCX9834
003 CL-VaPUC
008 940628e19920000SP |||||||||||||||||spa|d
082 0 4 |a 658.15  |b AMA  |2 21 
100 0 |a Amat i Salas, Joan M  |e author  |9 327306 
245 1 0 |a Planificación financiera 
250 |a 2a. ed 
300 |a 191 p 
942 |c BK 
945 |d 19940628 00:00:00  |a mfernand 
260 |a Barcelona  |b Gestión 2000  |c 1992 
650 0 |a Administración de empresas   |9 260833 
650 0 |a Administración financiera  |9 261146 
583 |a last modification  |c 20170426 04:55:35  |k Rodrigo Vera 
490 0 |a EADA gestion 
999 |c 228963  |d 228961 
952 |0 0  |1 0  |4 0  |6 658_150000000000000_AMA_1992  |7 0  |8 A  |9 229471  |a BIBING  |b BIBING  |d 2019-11-15  |i 2991217  |o 658.15 AMA 1992  |p 2991217  |r 2025-01-20  |w 2019-11-15  |y BK  |k EII